Real Analysis. Modern Techniques and Their applications.
Salvato in:
| Autore principale: | |
|---|---|
| Natura: | Sconosciuto |
| Pubblicazione: |
New York, United States:
John Wiley & Sons, Inc.,
1999.
|
| Edizione: | Second edition. |
| Serie: | Pure and Applied Mathematics.
|
| Soggetti: | |
| Tags: |
Aggiungi Tag
Nessun Tag, puoi essere il primo ad aggiungerne!!
|
MARC
| LEADER | 00000 a2200000 4500 | ||
|---|---|---|---|
| 003 | CL-VaPUC | ||
| 005 | 20250221122429.0 | ||
| 008 | 220906t1999 ||||| |||| 00| 0 eng d | ||
| 999 | |c 438362 |d 438360 | ||
| 020 | |a 9780471317166 | ||
| 040 | |c Pontificia Universidad Católica de Valparaíso | ||
| 082 | 7 | |a 515.8 FOL 1999 |2 22 | |
| 100 | |a Folland, Gerald B |9 875638 |e author | ||
| 245 | |a Real Analysis. |b Modern Techniques and Their applications. | ||
| 250 | |a Second edition. | ||
| 260 | |a New York, United States: |b John Wiley & Sons, Inc., |c 1999. | ||
| 300 | |a 386 páginas. | ||
| 490 | |a Pure and Applied Mathematics. | ||
| 583 | |k GC |c 20220906 | ||
| 650 | 0 | |a Análisis matemático |9 260146 | |
| 650 | 0 | |a Funciones de variables reales |9 304566 | |
| 942 | |2 ddc |c BK | ||
| 952 | |0 0 |1 0 |2 ddc |4 0 |6 515_800000000000000_FOL_1999 |7 0 |8 A |9 586594 |a BIBMAT |b BIBMAT |c GEN |d 2022-09-05 |e 74 |g 103682.00 |i 5654505 |l 2 |o 515.8 FOL 1999 |p 5654505 |r 2025-01-07 |s 2023-03-27 |t 1 |v 103682.00 |w 2022-09-05 |y BK |k MAT | ||